Visual Basic 6 how to program / (رقم التسجيلة. 32045)

تفاصيل مارك
000 -الفاتح
حقل البيانات ثابتة الطول 01319cam a2200337 a 4500
001 - رقم الضبط
رقم الضبط 728111
003 - محدد رقم الضبط
رقم الضبط OSt
005 - وقت وتاريخ اخر تعامل مع التسجيلة
رقم الضبط 20150408114151.0
008 - عناصر البيانات ثابتة الطول - معلومات عامة
حقل البيانات ثابتة الطول 980910s1999 njua b 001 0 eng
010 ## - رقم ضبط مكتبة الكونجرس
رقم ضبط مكتبة الكونجرس 98044388
020 ## - الرقم الدولى المعيارى للكتب
الرقم الدولى المعيارى للكتاب 0134569555 (pbk.)
035 ## - رقم ضبط النظام
رقم ضبط النظام (DLC) 98044388
040 ## - مصدر الفهرسة
وكالة الفهرسة الأصلية DLC
وكالة النسخ DLC
وكالة التعديل DLC
050 00 - رقم طلب مكتبة الكونجرس
رقم التصنيف QA76.73.B3
رقم المادة D46 1999
082 00 - رقم تصنيف ديوى العشرى
رقم التصنيف 005.268
رقم الطبعة 21
رقم المادة DHV
100 1# - المدخل الرئيسى - إسم شخصى
الإسم الشخصى Deitel, Harvey M.,
التواريخ المصاحبة للاسم 1945-
245 10 - بيان العنوان
العنوان Visual Basic 6 how to program /
بيان المسئوليه,etc H.M. Deitel, P.J. Deitel, T.R. Nieto.
246 3# - العنوان الموازى
عنوان صحيح/عنوان مختصر Visual Basic six how to program
260 ## - PUBLICATION, DISTRIBUTION, ETC. (IMPRINT)
مكان الناشر او الموزع Upper Saddle River, N.J. :
اسم الناشر او الموزع Prentice Hall,
تاريخ النشر أو التوزيع c1999.
300 ## - الوصف المادى
التعداد li, 1015 p. :
تفاصيل ماديه اخرى للوعاء ill. ;
أبعاد الوعاء 24 cm. +
المادة المصاحبة 1 computer laser optical disc (4 3/4 in.)
500 ## - تبصرة عامة
تبصرة عامة "Visual Studio series"--Cover.
504 ## - تبصرة ببليوجرافية
تبصرة ببليوجرافية,الخ Includes bibliographical references (p. [967]-970) and index.
538 ## - تبصرة تفاصيل النظام
تبصرة التفاصيل الفنية لملف الحاسب System requirements for accompanying computer disc: Pentium 90 or higher ; Windows 95/98/NT.
630 00 - المدخل الاضافى بالموضوع - عنوان موحد
عنوان موحد Visual Basic.
650 #0 - المدخل الاضافى بالموضوع-مصطلح موضوعى
مصطلح موضوعي أو اسم جغرافي كعنصر مدخل BASIC (Computer program language)
9 (RLIN) 4046
700 1# - المدخل الاضافى - اسم شخصى
الإسم الشخصى Deitel, Paul J.
700 1# - المدخل الاضافى - اسم شخصى
الإسم الشخصى Nieto, T. R.
الشكل الأكمل للاسم (Tem R.)
9 (RLIN) 5371
906 ## - عنصر بيانات محلى F, LDF (RLIN)
a 7
b vip
c orignew
d 1
e ocip
f 19
g y-gencatlg
942 ## - عناصر المدخل الإضافي( كوها)
مصدر التصنيف او مخطط الترفيف Dewey Decimal Classification
Koha [default] item type DVD
المقتنيات
حالة الفقد نموذج السعر الفعال حالة تلف ليس للاعارة رقم الطلب تاريخ الاكتساب الموقع الحالي الباركود الفرع الرئيسي Date last seen نوع المادة فى نظام كوها مصدر التصنيف او خطة الترفيف Total Checkouts
  2013-11-14     005.268 DHV 2013-11-14 المكتبة المركزية بالمجمعة (CL) 00452158 المكتبة المركزية بالمجمعة (CL) 2013-11-14 كتاب Dewey Decimal Classification  
  2013-11-14     005.268 DHV 2013-11-14 المكتبة المركزية بالمجمعة (CL) 00452159 المكتبة المركزية بالمجمعة (CL) 2013-11-14 كتاب Dewey Decimal Classification  
  2013-11-14     005.268 DHV 2013-11-14 المكتبة المركزية بالمجمعة (CL) 00452160 المكتبة المركزية بالمجمعة (CL) 2013-11-14 كتاب Dewey Decimal Classification  
  2013-11-14     005.268 DHV 2013-11-14 مكتبة مجمع الكليات بالزلفى - طلاب (SZM) 00452161 مكتبة مجمع الكليات بالزلفى - طلاب (SZM) 2013-11-14 كتاب Dewey Decimal Classification  
  2013-11-14     005.268 DHV 2013-11-14 مكتبة مجمع الكليات بالزلفى - طلاب (SZM) 00452162 مكتبة مجمع الكليات بالزلفى - طلاب (SZM) 2013-11-14 كتاب Dewey Decimal Classification  
  2013-11-14     005.268 DHV 2013-11-14 مكتبة مجمع الكليات بالزلفى - طلاب (SZM) 00452302 مكتبة مجمع الكليات بالزلفى - طلاب (SZM) 2013-11-14 كتاب Dewey Decimal Classification